00753nam a2200205Ia 450000500170000000800410001702000150005808200160007324500860008925000190017530000750019460000540026965000350032365000340035826400320039233600270042433700330045133800280048404000350051220220317001223.0160825s1987 ck a g 000 0 spa  a958951520704a922.2bT67b10aCamilo, el cura guerrillerocWalter J. Broderick ; epílogo de Antonio Caballero a5a. edición  a324 páginas bilustraciones y fotografías en blanco y negroc24 cm14aTorres Restrepo, Camilod1929-1966 vBiografías142LEMBaSacerdotes guerrilleros 142LEMB aSacerdotes colombianos aBogotábEl Labradorc1987 atextobtxt2rdacontent asin mediaciónbn2rdamedia avolumenbnc2rdacarrier aCO-BoRNBPbspaerdacCO-BoRNBP